Quick Pick: U.S. Flag Half-Staff Days Quiz Stats

 Plays Quiz Updated Mar 17, 2018

Challenge
Share
Tweet
Embed
Score 0/5 Timer 01:00
0 Plays Today
% Correct
Memorial Day
83.6%
Pearl Harbor Remembrance Day
77.6%
Patriot Day (September 11)
73.4%
National Firefighters Memorial Day
58.1%
Peace Officers Memorial Day
51.7%

Today's Daily Dose

Word Ladder
Homophones Ate

Quick Pick
RGB Colors

On This Day
August 18th II

You're not logged in!

Compare scores with friends on all Sporcle quizzes.
Join for Free
OR
Log In

You Might Also Like...

Show Comments

Extras

Top Quizzes Today


Score Distribution

Your Account Isn't Verified!

In order to create a playlist on Sporcle, you need to verify the email address you used during registration. Go to your Sporcle Settings to finish the process.

Report this User

Report this user for behavior that violates our Community Guidelines.

Details: